Negritude and literary criticism (Record no. 3219)
[ view plain ]
| 000 -LEADER | |
|---|---|
| fixed length control field | 01560nam a2200349 a 4500 |
| 082 04 - DEWEY DECIMAL CLASSIFICATION NUMBER | |
| Classification number | 840.9/896 |
| 100 1# - MAIN ENTRY--AUTHOR NAME | |
| Personal name | Jack, Belinda Elizabeth. |
| 245 10 - TITLE STATEMENT | |
| Title | Negritude and literary criticism |
| 260 ## - PUBLICATION, DISTRIBUTION, ETC. (IMPRINT) | |
| Place of publication | Westport, Conn. : |
| Name of publisher | Greenwood Press, |
| Year of publication | 1996. |
| 300 ## - PHYSICAL DESCRIPTION | |
| Number of Pages | 194 p. |
| 490 1# - SERIES STATEMENT | |
| Series statement | Contributions in Afro-American and African studies, |
| 650 #0 - SUBJECT ADDED ENTRY--TOPICAL TERM | |
| Topical Term | African literature (French) |
| Topical Term | African literature |
| Topical Term | Negritude (Literary movement) |
| Topical Term | Blacks in literature. |
| 856 40 - ELECTRONIC LOCATION AND ACCESS | |
| Uniform Resource Identifier | http://site.ebrary.com/lib/rucke/Doc?id=10004884 |
No items available.
